Normal view
MARC view
- Altoma, Salih J.
Entry Personal Name
001 - CONTROL NUMBER
- control field: 40666
003 - CONTROL NUMBER IDENTIFIER
- control field: OSt
005 - DATE AND TIME OF LATEST TRANSACTION
- control field: 20160807113721.0
008 - FIXED-LENGTH DATA ELEMENTS
- fixed length control field: 160807|| aca||aabn | a|a d
040 ## - CATALOGING SOURCE
- Original cataloging agency: OSt
100 1# - HEADING--PERSONAL NAME
- Personal name: Altoma, Salih J.